000 nam a22 7a 4500
999 _c10851
_d10851
008 180228b ||||| |||| 00| 0 eng d
100 _96676
_aAGGARWAL'S M.L
245 _aLEARNING MATHS TEACHER MANUAL CLASS VI,VII,VIII
260 _aNEW DELHI
_bAVICHAL PUB
_c2014